Представление документа в формате RUSMARC

ПолеНазваниеЗначение
  Тип записи a
  Библиографический уровень c
001 Контрольный номер RU/SLIB/B/208769536
005 Дата корректировки 20201206204255.9
010 Индекс ISBN __
d Цена 1-80
101 Язык документа 1_
a Язык текста rus
200 Заглавие и сведения об ответственности 1_
a Заглавие Воскресный день
f Первые сведения об ответственности А. Г. Битов ; предисл. Б. Бурсова
b Общее обозначение материала Текст
210 Выходные данные __
a Место издания М.
c Издательство Совет. Россия
d Дата издания 1980
215 Физическое описание __
a Объем 446 с.
c Иллюстрации/тип воспроизводства портр.
606 Тематические рубрики __
a Основная рубрика Художественная литература
606 Тематические рубрики __
a Основная рубрика Русская литература XX в. (произведения)
610 Ключевые слова __
a Ключевые слова рассказы; повести; проза
686 Индексы других классификаций __
a Классификационный индекс 84(2Рос=Рус)6-4
700 Автор _1
a Фамилия Битов
b Имя А. Г.
4 Код отношения 070
702 Вторичная интеллектуальная ответственность _1
a Фамилия Бурсов
b Имя Б.
4 Код отношения Автор
4 Код отношения 080
801 Источник записи _0
a Страна RU
b Организация Муниципальное бюджетное учреждение культуры "Централизованная библиотечная система" г. Сургут (Центральная городская библиотека им. А. С. Пушкина)
g Правила каталогизации КиК/Михайлова
801 Источник записи _1
a Страна RU
b Организация Муниципальное бюджетное учреждение культуры "Централизованная библиотечная система" г. Сургут (Центральная городская библиотека им. А. С. Пушкина)
g Правила каталогизации КиК/Михайлова
852 Данные о местонахождении __
j Шифр хранения 84(2Рос=Рус)6-4
i Авторский знак Б 66
p Инвентарный номер 354
901 Тип документа __
t Тип документа x
969 Тип издания __
a Тип издания сборник
990 Данные о заказе (DOS) __
j Количество экземпляров (DOS) 2
t N записи в КСУ для И/У (DOS) ретро